Loreto College Library, Kolkata
WEBOPAC (ONLINE PUBLIC ACCESS CATALOGUE)

CLIO (Record no. 38935)

MARC details
000 -LEADER
fixed length control field 00245nas a2200109Ia 4500
008 - FIXED-LENGTH DATA ELEMENTS--GENERAL INFORMATION
fixed length control field 140107s9999 xx 000 0 und d
040 ## - CATALOGING SOURCE
Original cataloging agency Loreto College
041 ## - LANGUAGE CODE
Language code English
245 ## - TITLE STATEMENT | অাখ্যা বিবরণী
Title | অাখ্যা CLIO
260 ## - IMPRINT | প্রকাশনা ক্ষেত্র
Name of publisher | প্রকাশকের নাম Corpus Research Institute
942 ## - ADDED ENTRY ELEMENTS (KOHA)
Koha item type Bound Volume
Holdings
Withdrawn status Lost status Source of classification Damaged status Not for loan Home library Current library Date acquired Serial Enumeration / chronology Volume, issue and year Total Checkouts Full call number Accession No. Date last seen Price effective from Koha item type
    Dewey Decimal Classification     Loreto College Loreto College 13/01/2014 4,5; 1 January 2004 - 31 December 2005 4,5; 2004-2005   C BV618 13/01/2014 13/01/2014 Bound Volume